000
00334nam a22001457a 4500
008
210312b ||||| |||| 00| 0 eng d
020
_a
2900078025838
041
_a
eng
080
_2
8th
_a
330.722.6
082
_a
330.722.6
100
_a
61
101
_a
KF
245
_a
Intermediate Accounting
_c
Spiceland, J. D
942
_2
udc
_c
BK
999
_c
56495
_d
56495